000 00347nam a2200145Ia 4500
008 191201s2010 xx 000 0 und d
082 _a005.74
_bVAD
100 _aVARSHNEY,Gagan
245 0 _aDatabase Management Systems
250 _a1st
260 _aN. delhi
_bGlobal vision pub
_c2010
300 _a314
650 _aBBA
942 _2ddc
_cBK
_018
999 _c4940
_d4940